[Event "Bottom-Half Class U1700"]
[Site "Romulus, MI"]
[Date "2002.06.23"]
[Round "4.12"]
[White "Griffin, John"]
[Black "Bolda, Dan G"]
[Result "1-0"]
[WhiteElo "1600"]
[BlackElo "1500"]
[PlyCount "131"]
[EventDate "2002.06.21"]

1. d4 Nf6 2. c4 e6 3. Nf3 d5 4. e3 c6 5. a3 Be7 6. Bd3 dxc4 7. Bxc4 O-O 8. Qc2
Re8 9. O-O Nbd7 10. Nc3 Nf8 11. Rd1 b5 12. Be2 Bb7 13. b3 Qc7 14. Nxb5 Qd7 15.
Ne5 Qc8 16. Nc3 Bd6 17. Ng4 N6d7 18. e4 Be7 19. Qd3 Qc7 20. Qf3 Ng6 21. Be3 Rf8
22. h3 f5 23. Nh2 c5 24. d5 Nde5 25. Qh5 f4 26. Bd2 a6 27. Bc4 Nxc4 28. bxc4
Bf6 29. Rab1 Bd4 30. Ne2 Be5 31. Qf3 exd5 32. exd5 Bc8 33. Qb3 Bf5 34. Qb6 Bxb1
35. Qxc7 Bxc7 36. Rxb1 Rae8 37. Kf1 Re4 38. Rb7 Be5 39. Nf3 Bf6 40. d6 Rxc4 41.
d7 Ra4 42. Rc7 Rd8 43. Bc3 Kf7 44. Bxf6 Kxf6 45. Nc3 Rxa3 46. Ne4+ Ke7 47. Nxc5
Ra1+ 48. Ke2 Ra2+ 49. Ke1 a5 50. h4 a4 51. h5 Nf8 52. Ne5 Kd6 53. Rc8 Rxd7 54.
Ncxd7 Nxd7 55. Nxd7 Kxd7 56. Ra8 a3 57. Ra7+ Kc6 58. Rxg7 Ra1+ 59. Ke2 Kb6 60.
Rg8 Kc5 61. Ra8 Kc4 62. Kf3 Kb3 63. Kxf4 Rh1 64. g4 a2 65. Rb8+ Kc4 66. Ra8 1-0

[Event "Bottom-Half Class U1900"]
[Site "Romulus, MI"]
[Date "2002.06.23"]
[Round "4.6"]
[White "Gadson, Joseph"]
[Black "Burwell, Raymond"]
[Result "0-1"]
[WhiteElo "1730"]
[BlackElo "1758"]
[PlyCount "129"]
[EventDate "2002.06.21"]

1. e4 e5 2. Nf3 Nc6 3. Bc4 Be7 4. O-O Nf6 5. Re1 O-O 6. d4 exd4 7. e5 Ne8 8.
Nxd4 Nxd4 9. Qxd4 c6 10. b3 Nc7 11. f4 d5 12. Be2 Ne6 13. Qd3 Nc5 14. Qf3 Bf5
15. Bd3 Nxd3 16. cxd3 Qb6+ 17. Be3 Bc5 18. Kh1 Bxe3 19. Qxe3 Qxe3 20. Rxe3 c5
21. Nd2 b5 22. h3 h5 23. Rc1 Rac8 24. Kh2 Rc6 25. Kg3 Rg6+ 26. Kf2 Rc8 27. Nf3
Rgc6 28. Nd2 a5 29. Kf3 d4 30. Ree1 Bxd3 31. g4 hxg4+ 32. hxg4 c4 33. bxc4 bxc4
34. Ne4 Bxe4+ 35. Kxe4 d3 36. Rc3 f6 37. Rd1 fxe5 38. Kxe5 Kf7 39. Rd2 Re6+ 40.
Kd4 Re2 41. Rd1 Rd8+ 42. Kxc4 Re4+ 43. Kb5 d2 44. Rc2 Rd5+ 45. Rc5 Rxc5+ 46.
Kxc5 Rxf4 47. Kb5 Rxg4 48. Kxa5 Rd4 49. Kb5 Ke6 50. a4 Ke5 51. a5 Ke4 52. a6
Ke3 53. a7 Rd8 54. Kb6 Ke2 55. Ra1 d1=Q 56. Ra2+ Kf1 57. a8=Q Qb3+ 58. Kc5 Rxa8
59. Rh2 Rd8 60. Kc6 Qc4+ 61. Kb7 Qb5+ 62. Kc7 Qe5+ 63. Kb7 Qxh2 64. Ka7 Qb8+
65. Ka6 0-1

[Event "Bottom-Half Class Top Section"]
[Site "Romulus, MI"]
[Date "2002.06.23"]
[Round "4.3"]
[White "Gabbara, Faris"]
[Black "Baze, Lineas"]
[Result "1-0"]
[WhiteElo "2053"]
[BlackElo "2003"]
[PlyCount "99"]
[EventDate "2002.06.21"]

1. c4 Nf6 2. Nc3 g6 3. g3 Bg7 4. Bg2 O-O 5. d4 d6 6. e4 e5 7. d5 c5 8. Nge2 Nh5
9. O-O f5 10. f4 Nd7 11. exf5 gxf5 12. Nb5 Nb6 13. Nec3 a6 14. Na3 Qe8 15. Bf3
Nf6 16. fxe5 Qxe5 17. Bf4 Qe7 18. Re1 Qc7 19. Qd3 Bd7 20. Re7 Nc8 21. Re2 Ng4
22. Bxg4 fxg4 23. Rae1 b5 24. Ne4 Bf5 25. Qd2 b4 26. Nb1 Ra7 27. Nxd6 Nxd6 28.
Re7 Qxe7 29. Rxe7 Rxe7 30. Bxd6 Bxb1 31. Bxc5 Bh6 32. Qd1 Be4 33. Qxg4+ Kf7 34.
Qh5+ Bg6 35. Qxh6 Re1+ 36. Kf2 Rfe8 37. Bd4 R8e2+ 38. Kf3 Be4+ 39. Kg4 Bg6 40.
Qg7+ Ke8 41. d6 Re4+ 42. Kg5 h6+ 43. Kxh6 Bf7 44. d7+ Kxd7 45. Qxf7+ Re7 46.
Qd5+ Ke8 47. Qc6+ Rd7 48. Bf6 Red1 49. Qe6+ Kf8 50. Bg7+ 1-0

[Event "Bottom-Half Class Top Section"]
[Site "Romulus, MI"]
[Date "2002.06.23"]
[Round "4.2"]
[White "Finegold, Ben"]
[Black "O'Donnell, Robert"]
[Result "1-0"]
[WhiteElo "2639"]
[BlackElo "2157"]
[PlyCount "83"]
[EventDate "2002.06.21"]

1. d4 d5 2. c4 c6 3. Nc3 Nf6 4. e3 e6 5. Nf3 Nbd7 6. Qc2 Bd6 7. Be2 dxc4 8.
Bxc4 O-O 9. O-O Qe7 10. h3 e5 11. a3 exd4 12. exd4 Nb6 13. Ba2 Qc7 14. Bg5 Nfd5
15. Rfe1 Bf4 16. Nxd5 Nxd5 17. Bxd5 cxd5 18. Qxc7 Bxc7 19. Be7 Re8 20. Rac1 Ba5
21. b4 Bb6 22. Bc5 Rxe1+ 23. Rxe1 Be6 24. Ng5 Re8 25. Bxb6 axb6 26. Nxe6 fxe6
27. Rc1 Kf7 28. Kf1 Re7 29. Ke2 Ke8 30. Rc8+ Kd7 31. Rh8 h6 32. Ke3 Rf7 33. g4
Ke7 34. h4 Kf6 35. Re8 Re7 36. Rf8+ Kg6 37. Kf4 Rf7+ 38. Rxf7 Kxf7 39. Ke5 g5
40. hxg5 hxg5 41. b5 Ke7 42. f4 1-0

[Event "Bottom-Half Class U1500"]
[Site "Romulus, MI"]
[Date "2002.06.23"]
[Round "5.16"]
[White "Fick II, Douglas"]
[Black "West, Aaron"]
[Result "0-1"]
[WhiteElo "1308"]
[BlackElo "1352"]
[PlyCount "36"]
[EventDate "2002.06.21"]

1. e4 e5 2. Nf3 d6 3. d4 exd4 4. Nxd4 Nf6 5. Nc3 Be7 6. Bc4 O-O 7. O-O Bd7 8.
h3 Nc6 9. Be3 Na5 10. Bd3 a6 11. f4 Nc6 12. a3 Ne8 13. Nd5 Bf6 14. Nxf6+ Qxf6
15. c3 Qe7 16. Nxc6 Bxc6 17. e5 f5 18. exf6 Qxe3+ 0-1

[Event "Bottom-Half Class U1500"]
[Site "Romulus, MI"]
[Date "2002.06.23"]
[Round "4.15"]
[White "Durham, Jeremy"]
[Black "Wood, Jack"]
[Result "0-1"]
[WhiteElo "1380"]
[BlackElo "1412"]
[PlyCount "87"]
[EventDate "2002.06.21"]

1. d4 Nf6 2. c4 c5 3. e3 cxd4 4. exd4 d5 5. Nf3 Bg4 6. Be2 Nc6 7. cxd5 Nxd5 8.
Nc3 e6 9. O-O Be7 10. Qb3 Bxf3 11. Bxf3 Nxd4 12. Qa4+ Nc6 13. Rd1 O-O 14. Nxd5
exd5 15. Bxd5 Qc8 16. Be3 Rd8 17. Bxc6 Rxd1+ 18. Rxd1 bxc6 19. Rc1 c5 20. Qc4
Qf5 21. Bxc5 Rc8 22. b4 a5 23. a3 axb4 24. axb4 Bxc5 25. bxc5 Rc6 26. Qd4 Qc8
27. h3 h6 28. g4 h5 29. Kg2 hxg4 30. Qxg4 Rg6 31. Kf3 Rxg4 32. hxg4 Qc6+ 33.
Ke3 Qh6+ 34. f4 Qe6+ 35. Kf3 Qb3+ 36. Ke4 Qe6+ 37. Kf3 Qd5+ 38. Ke3 Qc6 39. Kd4
Qf6+ 40. Kd5 Qe6+ 41. Kd4 Qd7+ 42. Ke4 Qxg4 43. c6 Qe2+ 44. Kf5 {Remainder
illegible, 45?} 0-1

[Event "Bottom-Half Class Top Section"]
[Site "Romulus, MI"]
[Date "2002.06.23"]
[Round "4.1"]
[White "Davidovich, Manis"]
[Black "Szpisjak, Steve"]
[Result "0-1"]
[WhiteElo "2033"]
[BlackElo "2230"]
[PlyCount "82"]
[EventDate "2002.06.21"]

1. e4 c5 2. Nf3 e6 3. d4 cxd4 4. Nxd4 a6 5. Nc3 b5 6. g3 Bb7 7. Bg2 Nf6 8. Bg5
h6 9. Bxf6 Qxf6 10. O-O Nc6 11. Nb3 Bb4 12. Qe1 d6 13. f4 Bxc3 14. bxc3 O-O 15.
Rd1 Rfd8 16. Rd3 Qe7 17. Qd2 Na7 18. Rd1 Nc8 19. Na5 Rb8 20. c4 Qc7 21. Rd4 Qb6
22. Kh1 b4 23. Nb3 Rf8 24. c3 a5 25. cxb4 axb4 26. Rc1 Bc6 27. h3 Qb7 28. g4 e5
29. fxe5 dxe5 30. Rd3 Ne7 31. Rd6 Qa8 32. Nc5 Ng6 33. Qb2 Rfc8 34. Rcd1 Qa3 35.
Qf2 Nf4 36. Nd3 Nxg2 37. Qxg2 b3 38. Nxe5 b2 39. Nxc6 Qxd6 40. Rxd6 b1=Q+ 41.
Kh2 Rxc6 0-1

[Event "Bottom-Half Class U1500"]
[Site "Romulus, MI"]
[Date "2002.06.23"]
[Round "5.17"]
[White "Cottrell-Finegold, Kelly"]
[Black "Saylor, Oliver"]
[Result "1/2-1/2"]
[WhiteElo "1338"]
[BlackElo "1333"]
[PlyCount "42"]
[EventDate "2002.06.21"]

1. d4 d5 2. e3 Nf6 3. c4 c6 4. Nc3 e6 5. Nf3 Nbd7 6. Bd3 Bd6 7. h3 O-O 8. b3 e5
9. dxe5 Nxe5 10. Nxe5 Bxe5 11. Bb2 d4 12. Ne2 c5 13. O-O Be6 14. exd4 cxd4 15.
Rc1 Qd7 16. Ng3 Rad8 17. Nh5 Bf5 18. Nxf6+ Bxf6 19. Re1 Bxd3 20. Qxd3 Rfe8 21.
Qg3 Re6 1/2-1/2

[Event "Bottom-Half Class U1900"]
[Site "Romulus, MI"]
[Date "2002.06.23"]
[Round "5.5"]
[White "Burwell, Raymond"]
[Black "Dupuis, Erik"]
[Result "0-1"]
[WhiteElo "1758"]
[BlackElo "1727"]
[PlyCount "118"]
[EventDate "2002.06.21"]

1. e4 c5 2. f4 Nc6 3. Nf3 g6 4. Bc4 Bg7 5. O-O e6 6. Nc3 d6 7. d3 Nge7 8. Be3
Nd4 9. Qd2 O-O 10. Bxd4 cxd4 11. Ne2 Nc6 12. Ng3 Bd7 13. Bb3 Kh8 14. Rae1 Bh6
15. Ng5 Qe7 16. Nh3 e5 17. Ne2 Bxh3 18. gxh3 f5 19. Kh1 fxe4 20. dxe4 Qh4 21.
Rf3 exf4 22. Nxd4 Ne5 23. Rc3 f3 24. Qd1 f2 25. Rf1 Qxe4+ 26. Nf3 Rxf3 27. Bd5
Rd3+ 28. Bxe4 Rxd1 29. Rxd1 Rf8 30. Bg2 d5 31. Rc7 Nc4 32. Bf1 Bf4 33. Rd7 Bd2
34. b3 Ne3 35. Rb1 Be1 36. Re7 Nxf1 37. Rexe1 fxe1=Q 38. Rxe1 d4 39. Kg1 Ne3
40. Rc1 Rc8 41. Kf2 Rxc2+ 42. Rxc2 Nxc2 43. Ke2 Nb4 44. a3 Nc2 45. Kd3 Nxa3 46.
Kxd4 Kg7 47. Ke5 a5 48. h4 b5 49. Kd6 a4 50. bxa4 bxa4 51. Kc5 Nc2 52. Kc4 Ne3+
53. Kb4 Nf5 54. h5 g5 55. Kxa4 Kh6 56. Kb3 Kxh5 57. Kc2 Kh4 58. Kd3 Kh3 59. Ke4
Nh6 0-1

[Event "Bottom-Half Class U1300"]
[Site "Romulus, MI"]
[Date "2002.06.23"]
[Round "5.19"]
[White "Brooks, Randall"]
[Black "Adams, Barry"]
[Result "1-0"]
[WhiteElo "978"]
[BlackElo "1271"]
[PlyCount "53"]
[EventDate "2002.06.21"]

1. e4 e5 2. Nf3 d6 3. d4 exd4 4. Nxd4 Nf6 5. Nc3 Be7 6. f4 c5 7. Nf3 Bg4 8. Be2
Nc6 9. h3 Bxf3 10. Bxf3 O-O 11. Be3 Qb6 12. Rb1 Qc7 13. O-O a6 14. Nd5 Nxd5 15.
exd5 Na5 16. b3 b5 17. Re1 Rfe8 18. Bd2 Bh4 19. Re2 Rxe2 20. Qxe2 Kf8 21. c4
Re8 22. Qd3 b4 23. Qxh7 Bg3 24. Qh8+ Ke7 25. Qxg7 Bh4 26. g3 Qc8 27. Re1+ 1-0

[Event "Bottom-Half Class U1700"]
[Site "Romulus, MI"]
[Date "2002.06.23"]
[Round "5.9"]
[White "Bolda, Dan G"]
[Black "Katsuhara, Osamu"]
[Result "0-1"]
[WhiteElo "1600"]
[BlackElo "1549"]
[PlyCount "50"]
[EventDate "2002.06.21"]

1. d4 Nf6 2. c4 g6 3. Nc3 d5 4. Nf3 Bg7 5. Bg5 Ne4 6. Bh4 Nxc3 7. bxc3 dxc4 8.
Qa4+ Nd7 9. Qxc4 O-O 10. e4 c5 11. Rd1 cxd4 12. cxd4 Qa5+ 13. Rd2 Nb6 14. Qc2
Bg4 15. e5 Bxf3 16. gxf3 Rac8 17. Qb2 Bh6 18. Bxe7 Bxd2+ 19. Qxd2 Rc1+ 20. Ke2
Qxd2+ 21. Kxd2 Rfc8 22. Bb4 Ra1 23. a3 Nc4+ 24. Kd3 Nxe5+ 25. Ke4 Nd7 0-1

[Event "Bottom-Half Class U1300"]
[Site "Romulus, MI"]
[Date "2002.06.23"]
[Round "5.18"]
[White "Aguilar, Javier"]
[Black "Dupius, Brian"]
[Result "1-0"]
[WhiteElo "1226"]
[BlackElo "1252"]
[PlyCount "32"]
[EventDate "2002.06.21"]

1. d4 Nf6 2. c4 c5 3. d5 e5 4. Nc3 d6 5. e4 Na6 6. Bd3 Nc7 7. Nge2 a6 8. O-O
Be7 9. Ng3 Rb8 10. f4 b5 11. fxe5 bxc4 12. exf6 Bxf6 13. Bxc4 Rb4 14. Be2 O-O
15. Bg4 Bd4+ 16. Kh1 g6 {Remainder illegible, 58?} 1-0

[Event "Bottom-Half Class U1300"]
[Site "Romulus, MI"]
[Date "2002.06.23"]
[Round "4.20"]
[White "Aguilar, Javier"]
[Black "Adams, Barry"]
[Result "1/2-1/2"]
[WhiteElo "1226"]
[BlackElo "1271"]
[PlyCount "107"]
[EventDate "2002.06.21"]

1. d4 d5 2. c4 c6 3. cxd5 cxd5 4. Nf3 Nf6 5. Nc3 Nc6 6. e3 Bg4 7. Be2 e6 8. O-O
Bxf3 9. Bxf3 Be7 10. Qb3 Qc7 11. Bd2 O-O 12. Rac1 a6 13. a3 Qd7 14. Na4 Rab8
15. Nc5 Qc7 16. Qd3 Bxc5 17. dxc5 Ne5 18. Qe2 Nxf3+ 19. Qxf3 Ne4 20. Qe2 Rfc8
21. b4 Qe5 22. f3 Nxd2 23. Qxd2 Rc6 24. Qd4 Qc7 25. Rfd1 b6 26. e4 bxc5 27.
Rxc5 Rxc5 28. bxc5 dxe4 29. fxe4 Kf8 30. Qd6+ Qxd6 31. cxd6 e5 32. d7 Ke7 33.
Rd5 f6 34. Ra5 Ra8 35. Rd5 Kd8 36. Rd6 Ra7 37. Kf2 a5 38. a4 Rxd7 39. Ra6 Rd4
40. Rxa5 Rxe4 41. Ra7 Rc4 42. Rxg7 Rxa4 43. Rxh7 Ke8 44. h4 Kf8 45. h5 Kg8 46.
Rh6 Kg7 47. Rg6+ Kf7 48. Kf3 Rf4+ 49. Ke3 f5 50. g3 Rf1 51. Rg5 Kf6 52. Rg6+
Kf7 53. Rg5 Kf6 54. Rg6+ 1/2-1/2

[Event "Flint June Tuesday Night Swiss"]
[Site "Flint, MI"]
[Date "2002.06.25"]
[Round "4.4"]
[White "Gurski, Erin"]
[Black "Aldrich, Jeff"]
[Result "0-1"]
[WhiteElo "1098"]
[BlackElo "1900"]
[PlyCount "80"]
[EventDate "2002.06.04"]

1. e4 c6 2. d4 d5 3. Nc3 dxe4 4. Nxe4 Nd7 5. Bc4 e6 6. Bf4 Nb6 7. Bb3 Nd5 8.
Ne2 Nxf4 9. Nxf4 Nf6 10. Nc3 Bd6 11. Nce2 b6 12. Qd3 a5 13. Bc4 b5 14. Bb3 a4
15. O-O axb3 16. axb3 Bb7 17. c4 c5 18. cxb5 Bxf4 19. Nxf4 Qxd4 20. Qxd4 cxd4
21. Rfc1 Kd7 22. Rxa8 Rxa8 23. Rd1 e5 24. Ne2 Ra2 25. f4 Kd6 26. fxe5+ Kxe5 27.
Nxd4 Rxb2 28. b6 Rxg2+ 29. Kf1 Rxh2 30. Rc1 Rh1+ 31. Ke2 Rxc1 32. Kd3 Rd1+ 33.
Kc4 Rxd4+ 34. Kc3 Ne4+ 35. Kc2 Rd2+ 36. Kc1 Kd4 37. b4 Kc3 38. b5 Nc5 39. Kb1
Be4+ 40. Ka1 Nb3# 0-1

[Event "U.S. Amateur North U1600"]
[Site "Detroit, MI"]
[Date "2002.06.26"]
[Round "4.21"]
[White "Aguilar, Javier"]
[Black "Cox, Daniel"]
[Result "1-0"]
[WhiteElo "1226"]
[BlackElo "825"]
[PlyCount "57"]
[EventDate "2002.05.25"]

1. d4 d5 2. c4 dxc4 3. Nf3 Nf6 4. e3 Be6 5. Qa4+ Nc6 6. Bxc4 Bxc4 7. Qxc4 e6 8.
O-O Bd6 9. Nc3 O-O 10. a3 a6 11. b4 b5 12. Qxc6 Ng4 13. h3 Nf6 14. Ne4 Nxe4 15.
Qxe4 c6 16. Bb2 Rc8 17. Rac1 Re8 18. Rxc6 Qd7 19. Rfc1 Red8 20. Qc2 Rxc6 21.
Qxc6 Bf8 22. Qxd7 Rxd7 23. Ne5 Rd8 24. Rc6 Ra8 25. e4 a5 26. Bc3 a4 27. Nd7 Be7
28. Nb6 Rd8 29. Rc8 1-0

[Event "World Open"]
[Site "Philadelphia, PA"]
[Date "2002.07.04"]
[Round "2"]
[White "MacIntre, Paul"]
[Black "Finegold, Ben"]
[Result "1/2-1/2"]
[WhiteElo "2309"]
[BlackElo "2639"]
[Annotator "Ben Finegold"]
[PlyCount "74"]
[EventDate "2002.06.29"]

{Reti} 1. e4 c5 2. Nf3 Nc6 3. g3 ({A slow method against which Black should be
able to equalize.} 3. d4 {is most common and most testing.}) 3... g6 4. Bg2 Bg7
5. O-O d6 6. c3 e5 7. d3 Nge7 8. a3 {Here I thought way too long. For some
reason, I simply played too slowly this game, and after my next move had
already used over an hour. The rest of the tournament, I tried to avoid this
problem, with pretty good success.} a5 9. a4 h6 10. Na3 Be6 11. Nd2 O-O 12.
Ndc4 f5 13. Bh3 {Pointless. he bishop is better on the long diagonal. Now,
Black has an advantage on the board, but NOT on his clock!} d5 14. Ne3 Qd7 15.
f3 Rad8 16. Qe2 d4 $2 {I thought I was "cashing in" on my previous excellent
play and simply winning a pawn. However, White's position turns around after
this and he hasexcellent compensation.} 17. Nec4 dxc3 18. bxc3 Qxd3 19. Qxd3
Rxd3 20. Bd2 {Now, White s the open b-file and my extra pawn is almost
worthless. 16...d4? gave away the c4 square, and now White takes control of
the game. I was now down to 15 minutes to reach move 40.} Rfd8 21. Rf2 Nc8 22.
Bf1 R3d7 23. Be3 Rd1 24. Rxd1 Rxd1 25. Kg2 Bf8 26. Rb2 Rd7 27. Kf2 h5 28. Ke1
Kf7 29. Nb6 Nxb6 30. Rxb6 Be7 31. Nc4 Rc7 32. Rb5 Bd7 33. Nxa5 $2 ({A terrible
mistake allowing me to draw. Here I had less than 2 minutes, and} 33. Bxc5 {
would give White a winning position as well. Now a lot of exchanges make it
easier to play and a draw ensued.}) 33... Nxa5 34. Rxa5 fxe4 35. Bc4+ Be6 36.
Bxe6+ Kxe6 37. fxe4 Kd7 1/2-1/2

[Event "World Open"]
[Site "Philadelphia, PA"]
[Date "2002.07.04"]
[Round "3"]
[White "Finegold, Ben"]
[Black "Belorusov, Mikhail"]
[Result "1-0"]
[WhiteElo "2639"]
[BlackElo "2290"]
[Annotator "Ben Finegold"]
[PlyCount "81"]
[EventDate "2002.06.29"]

{Old Benoni} 1. d4 c5 2. d5 d6 3. c4 g6 4. e4 Bg7 5. Nc3 Na6 6. Nf3 Nc7 7. Bd3
a6 8. O-O Nf6 9. Re1 O-O 10. Bg5 Nd7 11. Qd2 Ne5 12. Nxe5 Bxe5 13. f4 {Black
has played the opening very badly, and is almost lost already. When White
delays playing h3, Black should hasten to play Bg4 and take the f3 knight. Now,
Black has a passive game with no compensation.} Bg7 14. e5 dxe5 $2 ({A
terrible move weakening c5 horribly. Simply} 14... f6 {keeps Black in the game.
}) 15. fxe5 f6 16. exf6 exf6 17. Be3 b6 18. Na4 Rb8 19. b4 cxb4 20. Nxb6 $6 {
The text move is based on an oversight, but White keeps his advantage due to
his connected passed center pawns. Black has some hope now, but it soon
dissipates.} f5 21. Rac1 Bc3 22. Rxc3 bxc3 23. Qxc3 f4 24. Bf2 f3 25. Nxc8 Rxc8
26. Qd4 Qg5 $6 ({Black's last error.} 26... fxg2 {was the last hope for
counterplay. Now, Black has nothing for the passed pawns, and is soon crunched.
}) 27. g3 Rce8 28. Rxe8 Rxe8 29. Bf1 $1 {This is excellent all purpose move
puts an end to any attack Black was dreaming of. Now I have passed pawn dreams
of my own...} Rd8 30. Qe4 Qf6 31. Bd4 Qg5 32. Qe5 Qxe5 33. Bxe5 Rd7 34. Bh3 f2+
35. Kxf2 Rf7+ 36. Ke3 Kf8 37. d6 Na8 38. c5 Ke8 39. Bg2 Ra7 40. Kd4 a5 41. a4 {
Total domination.} 1-0

[Event "World Open"]
[Site "Philadelphia, PA"]
[Date "2002.07.05"]
[Round "5"]
[White "Finegold, Ben"]
[Black "Blatny, Pavel"]
[Result "1-0"]
[WhiteElo "2639"]
[BlackElo "2603"]
[Annotator "Ben Finegold"]
[PlyCount "121"]
[EventDate "2002.06.29"]

{Irregular King's Pawn: Owen} 1. d4 b6 {A Blatny specialty, although I must
say I was not prepared!} 2. e4 Bb7 3. Nc3 e6 4. Nf3 Bb4 5. Bd3 Nf6 6. Bg5 h6 7.
Bxf6 Bxc3+ 8. bxc3 Qxf6 9. O-O d6 {This position has occurred many times, but,
unfortunately, I did not know any of the games! The right plan for White is 10.
Nd2 e5 11.f4! Which I rejected during the game. Black is equal after my plan
of a4-a5..and trading off my weak pawn.} 10. a4 e5 11. a5 O-O 12. Qe2 Nc6 13.
axb6 axb6 14. Qe3 Ne7 15. Nd2 g5 $1 16. g3 Qg7 $1 17. f3 Bc6 18. Nc4 f6 $2 {
This move shocked me! His queen on g7 put pressure on d4, and now he allows me
to maneuver my knight to the excellent e3 square by blocking his queen!} 19.
Qe2 Rxa1 $2 {This sequence of moves Blatny has prepared leads to a wretched
position. He simply overlooked a simple tactic.} 20. Rxa1 exd4 $2 21. cxd4 f5
22. c3 g4 $2 23. f4 $1 fxe4 24. Bxe4 {DIAGRAM Now his planned 24...d5 fails to
either 25.Ne5 dxe4 26.Nxc6 Nxc6 27.Qc4+ or 25.Bg2 dxc4 26.Bxc6 Nxc6 27.Qc4+ ...
.Blatny overlooked the Qc4+ idea.} Bb5 25. Bd3 Bc6 26. Qe6+ Kh8 27. Ne3 h5 28.
Ra7 Rf6 29. Qc4 {Now mutual time trouble makes the game a toss-up. Lucky for
me, I did not blunder!} b5 30. Qb3 Nc8 31. Ra2 Qf8 32. Bxb5 Qe8 33. Bxc6 Qxe3+
34. Kg2 Ne7 35. Qb5 Rf5 36. Qb8+ Kg7 37. Qxc7 d5 38. Bd7 Qf3+ {Funny thing was.
...I ONLY saw Qe4+ and this move scared me! Stupid time trouble....} 39. Kg1
Qd1+ 40. Kf2 Qf3+ {Now with time on my clock, I found the way to win...} 41.
Ke1 $1 Qh1+ 42. Kd2 Qxh2+ 43. Kd1 Qxa2 44. Bxf5 {Black has no escape and no
perp.} Qa4+ 45. Kd2 Kf8 46. Qe5 Qa2+ 47. Bc2 Ng8 48. Qg5 (48. Qxh5 {or}) (48.
Qe6 {are both faster. Luckily all roads lead to Rome...}) 48... Qa6 49. Qxd5
Qf1 50. Qd6+ Kg7 51. Qg6+ Kf8 52. Qd6+ Kg7 53. Qe5+ Kf8 54. Bb3 Qf2+ 55. Kc1
Qg1+ 56. Kb2 Qg2+ 57. Ka3 Qa8+ 58. Ba4 Qf3 59. Qe8+ Kg7 60. Bb3 Nh6 61. Qe7+ {
A difficult game.} 1-0

[Event "World Open"]
[Site "Philadelphia, PA"]
[Date "2002.07.05"]
[Round "4"]
[White "Dougherty, Michael"]
[Black "Finegold, Ben"]
[Result "0-1"]
[WhiteElo "2404"]
[BlackElo "2639"]
[Annotator "Ben Finegold"]
[PlyCount "90"]
[EventDate "2002.06.29"]

{Sicilian: Scheveningen (Leonhardt)} 1. e4 c5 2. Nf3 Nc6 3. d4 cxd4 4. Nxd4 Nf6
5. Nc3 d6 6. Bc4 e6 7. Be3 Be7 8. O-O O-O 9. f4 $6 ({Premature. White should
take time out for} 9. Bb3 {and push forward in the center when the time is
right. Now, Black can seize the initiative.}) 9... d5 $1 10. exd5 exd5 11. Be2
Re8 12. Kh1 Bb4 13. Nxc6 bxc6 14. Bd4 Bxc3 15. bxc3 (15. Bxc3 Ne4 {is also
good for Black.}) 15... Ne4 16. Bd3 Qh4 17. Qe1 Qh5 18. Bxe4 Rxe4 19. Qg3 Qg6
20. f5 $2 {A terrible move giving Black a very large advantage. Best was
simply trading queens, after which White should draw.} Qxg3 21. hxg3 f6 {White
has weaknesses everywhere, and eventually cracks in time pressure and loses a
pawn, then two.} 22. Rf2 Kf7 23. Rb1 Ba6 24. Rb4 Bb5 25. Bc5 Re1+ 26. Kh2 a5
27. Rd4 Bc4 28. a3 Rb8 29. Rfd2 Rb2 30. g4 Rb5 31. Bd6 Rc1 32. Bc7 a4 33. Bd6
Rb2 {White cannot defend all of his weak pawns.} 34. Rf4 Rcxc2 35. Rxc2 Rxc2
36. Rf3 h6 $1 {The best move of the game! This stops White's potential
counterplay associated with Re3-e7. Now, Black has a safe place to hide on h7,
and time trouble now took its toll on White.} 37. Kg3 Be2 $1 38. Re3 Bf1 39.
Re7+ Kg8 40. Kh4 Bxg2 41. Re8+ Kh7 42. Kg3 Be4 43. Bb4 c5 44. Ba5 Rg2+ 45. Kf4
Ra2 {The a-pawn is too strong.} 0-1

[Event "World Open"]
[Site "Philadelphia, PA"]
[Date "2002.07.06"]
[Round "6"]
[White "Finegold, Ben"]
[Black "Onishchuk, Alexander"]
[Result "1/2-1/2"]
[WhiteElo "2639"]
[BlackElo "2746"]
[Annotator "Ben Finegold"]
[PlyCount "87"]
[EventDate "2002.06.29"]

{Nimzo-Indian: Berlin (Pirc)} 1. d4 Nf6 2. c4 e6 3. Nc3 Bb4 4. Qc2 O-O 5. Nf3
c5 6. dxc5 Na6 7. g3 Nxc5 8. Bg2 Nce4 {Here I play both 9.0-0 and 9.Bd2
depending on my mood. I wish I could say I had good results with either!} 9.
O-O Nxc3 10. bxc3 Be7 11. e4 d6 12. e5 dxe5 13. Nxe5 Qc7 14. Qe2 Bd6 15. Bf4
Ne8 {First played by Karpov about 12 years ago. I wish I could remember my OLD
analysis!} 16. Rab1 f6 17. Nd3 Qxc4 {In the above mentioned Karpov game, Black
won after White decided to "sac" his pawn and attack on the king-side. I
played a bit more safely, but still get no advantage.} 18. Bxb7 Bxb7 19. Rxb7
Bxf4 ({The first new move. Black previously played} 19... e5 {with good
results.}) 20. Nxf4 Qxe2 21. Nxe2 Nd6 22. Re7 Rfe8 23. Rd7 Red8 24. Re7 e5 {
This ending should be a draw, but Onischuk tries to win due to his 2746 USCF
rating!} 25. g4 Kf8 26. Rc7 Nb5 27. Rc5 Rab8 28. a4 Nd6 29. Ng3 Rbc8 30. Ra5
Rc7 31. Rd1 Rcd7 32. g5 Nc4 33. Rxd7 Rxd7 34. Rc5 Nb6 35. gxf6 gxf6 36. Rc6 Nd5
37. Nh5 {In time trouble, I thought I had winning chances now, but Onischuk
quickly snuffs them out!} Kf7 38. c4 Kg6 39. cxd5 Kxh5 40. Rxf6 Rxd5 41. Ra6
Rd7 42. Ra5 Re7 43. f4 Kg4 44. fxe5 {Black's wonderful king compensates for
his pawn minus.} 1/2-1/2